000 00217nam a2200085Ia 4500
008 120527s9999 xx 000 0 und d
100 _aIWE,O. Maduebisi
245 _aHandbook of sensory methods and analysis
942 _cBK
999 _c25225
_d25225